00309pab a2200121 454500008004000000100001900040245004400059260000900103300001200112362001200124650001200136773003900148180718b2004 xxu||||| |||| 00| 0 eng d aStreeten, Paul aEmpowerment, participation and the poor c2004 ap.1-12. aJul-Dec aPoverty aPolitical Economy Journal of India